Random Characters from Greek Mythology by Obscure Story - Statistics

General Stats
  • This quiz has been taken 126 times
    85 since last reset
  • The average score is 2 of 5
Answer Stats
Story Answer % Correct
Turned Actaeon into a deer after he saw them bathing Artemis
100%
Fathered Chiron, the wisest centaur Cronus
67%
Was seduced by her husband in the shape of a cuckoo bird Hera
67%
Turned Cyparissus into a tree at his own request Apollo
57%
Turned a lover into a mint plant Hades
57%
Turned Baucis and Philemon into trees when they died Zeus
42%
Gave the gift of the golden touch to King Midas Dionysus
36%
Rescued Ares from a being trapped in an urn Hermes
33%
Caused Narcissus to fall in love with himself Nemesis
33%
Aided Hippomenes in winning a foot race Aphrodite
23%
Served Queen Omphale of Lydia, then married her Heracles
20%
Killed two centaurs named Rhoecus and Hylaeus Atalanta
14%
Gave the daughters of Cecrops a box containing an infant Athena
14%
Had the horse Arion with her younger brother Demeter
11%
Turned the Lycian people into frogs after they didn't let her drink from a pond Leto
11%
Created the Hippocrene Fountain, which was sacred to the Muses Pegasus
11%
Stole a golden dog Tantalus
10%
Fell asleep in Athena's temple under orders from a seer Bellerophon
0%
Died after a piece of wood fell on their head Jason
0%
Saved the Argonauts from the sirens Orpheus
0%
Turned Atlas into the Atlas Mountains after he was rude Perseus
0%
No matching quizzes found
Score Distribution
Percent of People with Each Score
Percentile by Number Answered
Your Score History
You have not taken this quiz since the last reset